Súčasti individuálnej účtovnej závierky podnikateľských subjektov podľa slovenskej právnej úpravy a podľa IFRS diplomová práca

Uložené v:
Podrobná bibliografia
Hlavný autor: Ungvarská, Ingrid
Korporativný autor: Podnikovohospodárska fakulta EU so sídlom v Košiciach. Katedra finančného riadenia podniku
Ďalší autori: Manová, Eva, 1957-
Médium: Kniha
Jazyk:Slovak
Vydavateľské údaje: Košice 2019
Tagy: Pridať tag
Žiadne tagy, Buďte prvý, kto otaguje tento záznam!

MARC

LEADER 00000nbm a2200000 4500
001 0254745
005 20190918150139.9
041 0 |a slo 
044 |a SK 
245 1 0 |a Súčasti individuálnej účtovnej závierky podnikateľských subjektov podľa slovenskej právnej úpravy a podľa IFRS  |b diplomová práca  |c Ingrid Ungvarská ; školiteľ: Eva Manová 
264 1 |a Košice  |c 2019 
300 |a 70 s. 
100 1 |a Ungvarská, Ingrid 
700 1 |a Manová, Eva, 1957- 
710 2 |a Podnikovohospodárska fakulta EU so sídlom v Košiciach. Katedra finančného riadenia podniku